000 00466nam a2200145Ia 4500
008 100204s9999 xx 000 0 und d
082 _b16181
100 _aबांदोडकर व. पू./बांदोडकर गो. पू.
245 _aमेख
260 _b"बांदोडकर पब्लिशिंग हाऊस, गोवा"
_c1993
300 _a205
630 _aमेख
730 _aमेख
942 _cBOOK
999 _c460604
_d460601